000 00747nam a2200229Ia 4500
005 20260430150810.0
008 008 250103s9999 xx 000 0 hin d
037 _aTheses
040 _aCRL
040 _bhin
040 _chin
041 _2hin
041 _ahin
084 _qCRL
100 _aअमृत रानी, ले.
_9870292
245 0 _aभारत रत्न भूपेन हजारिका का संगीत में योगदान
260 _c2024
300 _a291पृ.
700 _aदिल्ली विश्वविद्यालय. संगीत एवं ललित कला संकाय. संगीत विभाग
942 _cTH
999 _c1850827
_d1850827